Dataset Open Access
Jin, Kang;
Kober, Steffen;
Ilyakov, Igor;
Deinert, Jan-Christoph;
Lindner, Aleksandra Alicja;
Hübner, René;
Narkovic, Rysard;
Reinold, Anneke;
Pilch, Patrick;
Ponomaryov, Alexey;
de Oliveira, Thales;
Hellwig, Olav;
Faßbender, Jürgen;
Wang, Zhe;
Lindner, Jürgen;
Mährlein, Sebastian Frederick;
Kovalev, Sergey;
Salikhov, Ruslan
<?xml version='1.0' encoding='UTF-8'?>
<record xmlns="http://www.loc.gov/MARC21/slim">
<leader>00000nmm##2200000uu#4500</leader>
<controlfield tag="005">20260513133348.0</controlfield>
<controlfield tag="001">4661</controlfield>
<datafield tag="700" ind1=" " ind2=" ">
<subfield code="a">Kober, Steffen</subfield>
<subfield code="u">TU Dortmund</subfield>
<subfield code="0">(orcid)0009-0008-5300-7958</subfield>
</datafield>
<datafield tag="700" ind1=" " ind2=" ">
<subfield code="a">Ilyakov, Igor</subfield>
<subfield code="u">Helmholtz-Zentrum Dresden-Rossendorf</subfield>
<subfield code="0">(orcid)0000-0002-5928-7996</subfield>
</datafield>
<datafield tag="700" ind1=" " ind2=" ">
<subfield code="a">Deinert, Jan-Christoph</subfield>
<subfield code="u">Helmholtz-Zentrum Dresden-Rossendorf</subfield>
<subfield code="0">(orcid)0000-0001-6211-0158</subfield>
</datafield>
<datafield tag="700" ind1=" " ind2=" ">
<subfield code="a">Lindner, Aleksandra Alicja</subfield>
<subfield code="u">Helmholtz-Zentrum Dresden-Rossendorf</subfield>
<subfield code="0">(orcid)0000-0002-5119-7769</subfield>
</datafield>
<datafield tag="700" ind1=" " ind2=" ">
<subfield code="a">Hübner, René</subfield>
<subfield code="u">Helmholtz-Zentrum Dresden-Rossendorf</subfield>
<subfield code="0">(orcid)0000-0002-5200-6928</subfield>
</datafield>
<datafield tag="700" ind1=" " ind2=" ">
<subfield code="a">Narkovic, Rysard</subfield>
<subfield code="u">Helmholtz-Zentrum Dresden-Rossendorf</subfield>
<subfield code="0">(orcid)0000-0003-4793-3281</subfield>
</datafield>
<datafield tag="700" ind1=" " ind2=" ">
<subfield code="a">Reinold, Anneke</subfield>
<subfield code="u">TU Dortmund</subfield>
<subfield code="0">(orcid)0000-0002-7096-0192</subfield>
</datafield>
<datafield tag="700" ind1=" " ind2=" ">
<subfield code="a">Pilch, Patrick</subfield>
<subfield code="u">TU Dortmund</subfield>
<subfield code="0">(orcid)0000-0002-1332-4296</subfield>
</datafield>
<datafield tag="700" ind1=" " ind2=" ">
<subfield code="a">Ponomaryov, Alexey</subfield>
<subfield code="u">Helmholtz-Zentrum Dresden-Rossendorf</subfield>
<subfield code="0">(orcid)0000-0003-1200-2866</subfield>
</datafield>
<datafield tag="700" ind1=" " ind2=" ">
<subfield code="a">de Oliveira, Thales</subfield>
<subfield code="u">Helmholtz-Zentrum Dresden-Rossendorf</subfield>
<subfield code="0">(orcid)0000-0002-4886-0654</subfield>
</datafield>
<datafield tag="700" ind1=" " ind2=" ">
<subfield code="a">Hellwig, Olav</subfield>
<subfield code="u">Helmholtz-Zentrum Dresden-Rossendorf</subfield>
<subfield code="0">(orcid)0000-0002-1351-5623</subfield>
</datafield>
<datafield tag="700" ind1=" " ind2=" ">
<subfield code="a">Faßbender, Jürgen</subfield>
<subfield code="u">Helmholtz-Zentrum Dresden-Rossendorf</subfield>
<subfield code="0">(orcid)0000-0003-3893-9630</subfield>
</datafield>
<datafield tag="700" ind1=" " ind2=" ">
<subfield code="a">Wang, Zhe</subfield>
<subfield code="u">TU Dortmund</subfield>
<subfield code="0">(orcid)0000-0001-7464-5408</subfield>
</datafield>
<datafield tag="700" ind1=" " ind2=" ">
<subfield code="a">Lindner, Jürgen</subfield>
<subfield code="u">Helmholtz-Zentrum Dresden-Rossendorf</subfield>
<subfield code="0">(orcid)0000-0002-4955-515X</subfield>
</datafield>
<datafield tag="700" ind1=" " ind2=" ">
<subfield code="a">Mährlein, Sebastian Frederick</subfield>
<subfield code="u">Helmholtz-Zentrum Dresden-Rossendorf</subfield>
<subfield code="0">(orcid)0000-0002-9472-5701</subfield>
</datafield>
<datafield tag="700" ind1=" " ind2=" ">
<subfield code="a">Kovalev, Sergey</subfield>
<subfield code="u">TU Dortmund</subfield>
<subfield code="0">(orcid)0000-0002-2290-1016</subfield>
</datafield>
<datafield tag="700" ind1=" " ind2=" ">
<subfield code="a">Salikhov, Ruslan</subfield>
<subfield code="u">Helmholtz-Zentrum Dresden-Rossendorf</subfield>
<subfield code="0">(orcid)0000-0001-8461-0743</subfield>
</datafield>
<datafield tag="260" ind1=" " ind2=" ">
<subfield code="c">2026-05-13</subfield>
</datafield>
<datafield tag="520" ind1=" " ind2=" ">
<subfield code="a"><p>Data set accompanying the manuscript &quot;Ultrafast spin&ndash;orbit torques and spin&ndash;charge interconversion at oxidation‑tailored NiFe/oxide interfaces.&quot;</p>
<p>It contains:</p>
<ul>
<li>Time‑resolved Faraday‑rotation traces for ultrafast SOT and PSSW measurements (main text Fig. 1; Supplementary Figs. S2, S3), recorded for opposite magnetic‑field directions and both front‑ and back‑side THz illumination.</li>
<li>Time‑resolved spintronic THz second‑harmonic generation (ST‑SHG) traces and their processed (band‑pass‑filtered) counterparts (Figs. 2,3; Supplementary Figs. S5, S6), including measurements for different capping oxides and reference Py/Pt samples.</li>
<li>THz emission waveforms for laser‑driven spintronic THz emitters (Fig. 3; Supplementary Fig. S7), recorded for opposite magnetization directions.</li>
<li>Ultrafast unidirectional spin Hall magnetoresistance (USMR) measured in the form of second‑harmonic generation (USMR‑SHG; Supplementary Fig. S8), recorded for opposite magnetization directions.</li>
<li>STEM&ndash;EDXS line‑profile data for interfacial oxidation analysis (Fig. 4).</li>
<li>THz transmission data used to extract THz‑induced current densities (Supplementary Figs. S9; Supplementary Tables S2, S3).</li>
</ul>
<p>Each data file is accompanied by a brief description of the sample, geometry, and measurement conditions.</p></subfield>
</datafield>
<datafield tag="650" ind1="1" ind2="7">
<subfield code="a">cc-by</subfield>
<subfield code="2">opendefinition.org</subfield>
</datafield>
<datafield tag="980" ind1=" " ind2=" ">
<subfield code="a">user-elbe</subfield>
</datafield>
<datafield tag="980" ind1=" " ind2=" ">
<subfield code="a">user-fwi</subfield>
</datafield>
<datafield tag="980" ind1=" " ind2=" ">
<subfield code="a">user-hzdr</subfield>
</datafield>
<datafield tag="980" ind1=" " ind2=" ">
<subfield code="a">user-ibc</subfield>
</datafield>
<datafield tag="980" ind1=" " ind2=" ">
<subfield code="a">user-matter</subfield>
</datafield>
<datafield tag="980" ind1=" " ind2=" ">
<subfield code="a">user-rodare</subfield>
</datafield>
<datafield tag="980" ind1=" " ind2=" ">
<subfield code="a">user-telbe</subfield>
</datafield>
<datafield tag="100" ind1=" " ind2=" ">
<subfield code="a">Jin, Kang</subfield>
<subfield code="u">Helmholtz-Zentrum Dresden-Rossendorf</subfield>
</datafield>
<datafield tag="245" ind1=" " ind2=" ">
<subfield code="a">Ultrafast spin-orbit torques and spin-charge interconversion at oxidation-tailored NiFe/oxide interfaces</subfield>
</datafield>
<datafield tag="540" ind1=" " ind2=" ">
<subfield code="u">https://creativecommons.org/licenses/by/4.0/legalcode</subfield>
<subfield code="a">Creative Commons Attribution 4.0 International</subfield>
</datafield>
<datafield tag="041" ind1=" " ind2=" ">
<subfield code="a">eng</subfield>
</datafield>
<datafield tag="653" ind1=" " ind2=" ">
<subfield code="a">THz spintronics</subfield>
</datafield>
<datafield tag="653" ind1=" " ind2=" ">
<subfield code="a">Ultrafast spin-orbit torques</subfield>
</datafield>
<datafield tag="653" ind1=" " ind2=" ">
<subfield code="a">Single ferromagnetic layer torque</subfield>
</datafield>
<datafield tag="653" ind1=" " ind2=" ">
<subfield code="a">Ultrafast spin-to-charge interconversion</subfield>
</datafield>
<datafield tag="653" ind1=" " ind2=" ">
<subfield code="a">spin/orbit Rashba-Edelstein effects</subfield>
</datafield>
<datafield tag="909" ind1="C" ind2="O">
<subfield code="o">oai:rodare.hzdr.de:4661</subfield>
<subfield code="p">openaire_data</subfield>
<subfield code="p">user-fwi</subfield>
<subfield code="p">user-hzdr</subfield>
<subfield code="p">user-ibc</subfield>
<subfield code="p">user-rodare</subfield>
<subfield code="p">user-elbe</subfield>
<subfield code="p">user-matter</subfield>
<subfield code="p">user-telbe</subfield>
</datafield>
<datafield tag="024" ind1=" " ind2=" ">
<subfield code="a">10.14278/rodare.4661</subfield>
<subfield code="2">doi</subfield>
</datafield>
<datafield tag="856" ind1="4" ind2=" ">
<subfield code="s">1831358</subfield>
<subfield code="u">https://rodare.hzdr.de/record/4661/files/data.opju</subfield>
<subfield code="z">md5:dfd6f1d6306763b4fbe43e3a616fc6eb</subfield>
</datafield>
<datafield tag="856" ind1="4" ind2=" ">
<subfield code="s">211531</subfield>
<subfield code="u">https://rodare.hzdr.de/record/4661/files/Sourece_data_SOT_Fig1_FigS2_FigS3.txt</subfield>
<subfield code="z">md5:2602cd3f8ad6c6a80e668c45af32ade4</subfield>
</datafield>
<datafield tag="856" ind1="4" ind2=" ">
<subfield code="s">47190</subfield>
<subfield code="u">https://rodare.hzdr.de/record/4661/files/Sourece_data_STE_Fig3c.txt</subfield>
<subfield code="z">md5:9a8194bd8244f0f9d103cdacc2717f37</subfield>
</datafield>
<datafield tag="856" ind1="4" ind2=" ">
<subfield code="s">48328</subfield>
<subfield code="u">https://rodare.hzdr.de/record/4661/files/Sourece_data_STEMEDXS_Fig4.txt</subfield>
<subfield code="z">md5:4d92f4f706c60ef158bfcf423b87fb28</subfield>
</datafield>
<datafield tag="856" ind1="4" ind2=" ">
<subfield code="s">197144</subfield>
<subfield code="u">https://rodare.hzdr.de/record/4661/files/Sourece_data_STSHG_Fig2_FigS5_FigS6.txt</subfield>
<subfield code="z">md5:124415dd2cd03167873018e4c5d69261</subfield>
</datafield>
<datafield tag="856" ind1="4" ind2=" ">
<subfield code="s">74883</subfield>
<subfield code="u">https://rodare.hzdr.de/record/4661/files/Sourece_data_STSHG_Fig3b.txt</subfield>
<subfield code="z">md5:d42e533e75545fff4f745423191d14cf</subfield>
</datafield>
<datafield tag="856" ind1="4" ind2=" ">
<subfield code="s">82581</subfield>
<subfield code="u">https://rodare.hzdr.de/record/4661/files/Sourece_data_THz_transmission_FigS9.txt</subfield>
<subfield code="z">md5:3b355a31fb2997e8aa1bbe046163ebd1</subfield>
</datafield>
<datafield tag="856" ind1="4" ind2=" ">
<subfield code="s">555589</subfield>
<subfield code="u">https://rodare.hzdr.de/record/4661/files/Sourece_data_USMRSHG_FigS8.txt</subfield>
<subfield code="z">md5:a7d771263e5410ba06be15a3a33d2df3</subfield>
</datafield>
<datafield tag="542" ind1=" " ind2=" ">
<subfield code="l">open</subfield>
</datafield>
<datafield tag="773" ind1=" " ind2=" ">
<subfield code="a">https://www.hzdr.de/publications/Publ-43394</subfield>
<subfield code="i">isIdenticalTo</subfield>
<subfield code="n">url</subfield>
</datafield>
<datafield tag="773" ind1=" " ind2=" ">
<subfield code="a">https://www.hzdr.de/publications/Publ-43392</subfield>
<subfield code="i">isReferencedBy</subfield>
<subfield code="n">url</subfield>
</datafield>
<datafield tag="773" ind1=" " ind2=" ">
<subfield code="a">10.14278/rodare.4660</subfield>
<subfield code="i">isVersionOf</subfield>
<subfield code="n">doi</subfield>
</datafield>
<datafield tag="980" ind1=" " ind2=" ">
<subfield code="a">dataset</subfield>
</datafield>
</record>
| All versions | This version | |
|---|---|---|
| Views | 39 | 39 |
| Downloads | 20 | 20 |
| Data volume | 10.2 MB | 10.2 MB |
| Unique views | 31 | 31 |
| Unique downloads | 18 | 18 |